Central Library OPAC University of Rajshahi

মুঘল যুগের বাংলা সাহিত্য : (Record no. 48025)

MARC details
000 -LEADER
fixed length control field 01008nam a2200229 a 4500
001 - CONTROL NUMBER
control field 48025
003 - CONTROL NUMBER IDENTIFIER
rucl marc code BD-RjUL
005 - DATE AND TIME OF LATEST TRANSACTION
control field 20211209054437.0
008 - FIXED-LENGTH DATA ELEMENTS--GENERAL INFORMATION
fixed length control field 160811s1995 ii ||||| |||| 00| 0 ben d
020 ## - INTERNATIONAL STANDARD BOOK NUMBER
Terms of availability : IRs.100.00
035 ## - SYSTEM CONTROL NUMBER
System control number (BD-RjUL)48144
040 ## - CATALOGING SOURCE
Original cataloging agency BD-RjUL
Language of cataloging ben
Transcribing agency BD-RjUL
Modifying agency BD-RjUL
041 ## - LANGUAGE CODE
Language code of text/sound track or separate title ben
082 ## - DEWEY DECIMAL CLASSIFICATION NUMBER
Edition number 23
Classification number 891.4409
Author mark and year NAM 1995
100 ## - MAIN ENTRY--PERSONAL NAME
Personal name নস্কর, সনৎকুমার
9 (RLIN) 145636
245 10 - TITLE STATEMENT
Title মুঘল যুগের বাংলা সাহিত্য :
Remainder of title আর্থ-সামাজিক পটভূমি ও সাংস্কৃতিক উত্তরাধিকার /
Statement of responsibility, etc. সনৎকুমার নস্কর,
260 ## - PUBLICATION, DISTRIBUTION, ETC. (IMPRINT)
Place of publication, distribution, etc. কলকাতা :
Name of publisher, distributor, etc. রত্নাবলী,
Date of publication, distribution, etc. ১৯৯৫.
300 ## - PHYSICAL DESCRIPTION
Pagination [৮], ২৯৫ পৃ. ;
Size ২৪ সেমি.
650 ## - SUBJECT ADDED ENTRY--TOPICAL TERM
Topical term or geographic name as entry element বাংলা সাহিত্য
Form subdivision ইতিহাস ও সমালোচনা
9 (RLIN) 117445
Topical term or geographic name as entry element Bengali literature
Form subdivision History and Criticism
9 (RLIN) 145637
942 ## - ADDED ENTRY ELEMENTS (KOHA)
Source of classification or shelving scheme Dewey Decimal Classification
Koha item type Books
Holdings
Lost status Source of classification or shelving scheme Damaged status Not for loan Collection code Permanent Location Current Location Shelving location Date acquired Source of acquisition Cost, normal purchase price Total Checkouts Full call number Date last seen Date checked out Copy number Koha item type
  Dewey Decimal Classification     Non-fiction Central Library, University of Rajshahi Central Library, University of Rajshahi   09/06/2007 Paramount book corp. 100.00 1 B 891.4409 NAM 1995 05/09/2018 16/05/2018 C-2 Books
  Dewey Decimal Classification   Not For Loan Non-fiction Central Library, University of Rajshahi Central Library, University of Rajshahi Reading Room 09/06/2007 Paragogn Enterprise, Dhaka 100.00   B 891.4409 NAM 1995 30/01/2017   C-1 Books